[Event "King's Gambit Thematic"]
[Site "SchemingMind.com"]
[Date "2006.04.12"]
[Round "-"]
[White "mart_r3000"]
[Black "MatdeInverses"]
[Result "0-1"]
[WhiteCountry "ENG"]
[BlackCountry "USA"]
[WhiteElo "1213"]
[WhiteRD "72"]
[BlackElo "1898"]
[BlackRD "52"]
[GameID "46298"]

1. e4 e5 2. f4 d5 3. Nf3 exf4 4. Ne5 Qh4+ 5. g3 fxg3 6. Qe2 g2+ 7. Kd1 gxh1=Q 8. Nc3 d4 9. Qb5+ c6 10. Qc4 Qh5+
11. Ke1 Qxe5 12. Ne2 Bh3 13. Ng3 Bxf1 14. Nxf1 Qexe4+ 15. Qe2 Qxe2+ 16. Kxe2 Nf6 17. d3 Bd6 18. c3 O-O 19. cxd4 Re8+ 20. Be3 Nd5
21. Kd2 Nxe3 22. Re1 Nxf1+
0-1

[Event "King's Gambit Thematic"]
[Site "SchemingMind.com"]
[Date "2006.04.12"]
[Round "-"]
[White "MatdeInverses"]
[Black "mart_r3000"]
[Result "1-0"]
[WhiteCountry "USA"]
[BlackCountry "ENG"]
[WhiteElo "1898"]
[WhiteRD "52"]
[BlackElo "1213"]
[BlackRD "72"]
[GameID "46299"]

1. e4 e5 2. f4 d5 3. exd5 Bc5 4. Qe2 Qh4+ 5. g3 Bg4 6. gxh4 Bxe2 7. Nxe2 Bd6 8. fxe5 Bxe5 9. d4 Bf6 10. Bg5 Nd7
11. Nbc3 a6 12. O-O-O Ne7 13. Bh3 O-O-O 14. Bxf6 gxf6 15. Rhf1 f5 16. Ng3 Kb8 17. Nxf5 Rhe8 18. Nxe7 Rxe7 19. Rde1 Rde8 20. Kd2 Nb6
21. b3 c5 22. dxc5 Nd7 23. Bxd7 Rxd7 24. Rxe8+
1-0

[Event "King's Gambit Thematic"]
[Site "SchemingMind.com"]
[Date "2006.04.13"]
[Round "-"]
[White "Dr_Pat"]
[Black "MatdeInverses"]
[Result "0-1"]
[WhiteCountry "USA"]
[BlackCountry "USA"]
[WhiteElo "1363"]
[WhiteRD "57"]
[BlackElo "1898"]
[BlackRD "52"]
[GameID "46324"]

1. e4 e5 2. f4 d5 3. exd5 exf4 4. Nf3 c6 5. dxc6 Nxc6 6. Bc4 Bd6 7. O-O Nge7 8. Nc3 O-O 9. d4 Ng6 10. Ne2 Bg4
11. Nd2 Nxd4 12. Re1 Qh4 13. g3 fxg3 14. hxg3 Bxg3 15. Rf1 Qh2#
0-1

[Event "King's Gambit Thematic"]
[Site "SchemingMind.com"]
[Date "2006.04.13"]
[Round "-"]
[White "Dr_Pat"]
[Black "mart_r3000"]
[Result "1-0"]
[WhiteCountry "USA"]
[BlackCountry "ENG"]
[WhiteElo "1409"]
[WhiteRD "54"]
[BlackElo "1260"]
[BlackRD "61"]
[GameID "46325"]

1. e4 e5 2. f4 Nc6 3. Nf3 d6 4. Bc4 Bg4 5. O-O Nd4 6. h3 Nxf3+ 7. gxf3 Bh5 8. d3 Qh4 9. Kh2 O-O-O 10. fxe5 dxe5
11. Be3 b6 12. Qd2 Rd6 13. Nc3 Rg6 14. Rg1 Bxf3 15. Bxf7 Bg4 16. Rxg4 Rxg4 17. Be6+ Kb8 18. Bxg4 Nf6 19. Bf3 g6 20. Bg5 Bh6
21. Bxh4 Bxd2 22. Bxf6 Bf4+ 23. Kg2 Rg8 24. Nd5 Bh6 25. Bxe5 Kb7 26. Bg4 Re8 27. Bxc7 Kc6 28. Bf4 Bg7 29. Rb1 h6 30. a3 Rf8
31. Ne7+ Kb7 32. Bg3 Ka6 33. Nxg6 Rf6 34. Nf4 Rc6 35. c4 Rd6 36. Bc8+ Ka5 37. Be1+ Ka4 38. Ne2 Kb3 39. Bc3 Rg6+ 40. Kh2 Bf8
41. Nd4+ Ka2 42. Rf1 Bd6+ 43. Kh1 Rg3 44. Rf3 Rg8 45. Ba6 Be5 46. Nb5 Bg3 47. Nxa7 Rg5 48. Bd2 Rg7 49. Nc6 Bd6 50. Nb4+ Kxb2
51. a4 Ka3 52. Bb5 h5 53. Rf6 Bc5 54. Nd5 Rg3 55. Nxb6 Rxh3+ 56. Kg2 Rxd3 57. Rf3 Rxf3 58. Kxf3 h4 59. Bd7
1-0

[Event "King's Gambit Thematic"]
[Site "SchemingMind.com"]
[Date "2006.04.13"]
[Round "-"]
[White "MatdeInverses"]
[Black "Dr_Pat"]
[Result "1-0"]
[WhiteCountry "USA"]
[BlackCountry "USA"]
[WhiteElo "1898"]
[WhiteRD "52"]
[BlackElo "1363"]
[BlackRD "57"]
[GameID "46326"]

1. e4 e5 2. f4 d5 3. exd5 exf4 4. Nf3 Qxd5 5. d4 Nc6 6. c4 Qd8 7. Bxf4 Bd6 8. Bg5 Nge7 9. c5 Bxc5 10. dxc5 Qxd1+
11. Kxd1 O-O 12. Nc3 Bf5 13. Bb5 Rfe8 14. Bxe7 Rxe7 15. Bxc6 bxc6 16. Re1 Rxe1+ 17. Kxe1 a5 18. Nd4 Bd7 19. Kf2 h6 20. Re1 a4
21. Re7 Be8 22. Rxc7 a3 23. b3 Rd8 24. Nxc6 Rd2+ 25. Ke3 Rxg2 26. Rc8 Rxh2 27. Rxe8+ Kh7 28. Ne7 Rh3+ 29. Kd4 g5 30. c6
1-0

[Event "King's Gambit Thematic"]
[Site "SchemingMind.com"]
[Date "2006.04.13"]
[Round "-"]
[White "mart_r3000"]
[Black "Dr_Pat"]
[Result "0-1"]
[WhiteCountry "ENG"]
[BlackCountry "USA"]
[WhiteElo "1213"]
[WhiteRD "72"]
[BlackElo "1363"]
[BlackRD "57"]
[GameID "46327"]

1. e4 e5 2. f4 d5 3. Nc3 exf4 4. Nxd5 Nc6 5. Nf3 Bg4 6. Be2 Bxf3 7. Bxf3 Nge7 8. c3 Ng6 9. O-O Bd6 10. Qa4 O-O
11. d3 Nce5 12. g3 fxg3 13. hxg3 Nxd3 14. Qd4 Bc5 15. Be3 Bxd4 16. Bxd4 Nxb2 17. Rab1 Nc4 18. Rxb7 c6 19. Nb4 Qc8 20. Rxf7 Rxf7
21. g4 Nd2 22. Rf2 Nxf3+ 23. Kf1 Qxg4 24. Rg2 Nh2+ 25. Kg1 Rf1+ 26. Kxh2 Qh4#
0-1

[Event "King's Gambit Thematic"]
[Site "SchemingMind.com"]
[Date "2006.04.14"]
[Round "-"]
[White "wom_bat"]
[Black "Dr_Pat"]
[Result "1-0"]
[WhiteCountry "GER"]
[BlackCountry "USA"]
[WhiteElo "1785"]
[WhiteRD "90"]
[BlackElo "1409"]
[BlackRD "54"]
[GameID "46509"]

1. e4 e5 2. f4 d5 3. exd5 exf4 4. Nf3 Bd6 5. d4 Nf6 6. Nc3 O-O 7. Be2 Re8 8. O-O Nbd7 9. Bd3 a6 10. a4 Nb6
11. Ne5 Bxe5 12. dxe5 Rxe5 13. Bxf4 Re8 14. Bg5 h6 15. Bxf6 gxf6 16. a5 Nd7 17. Qg4+ Kh8 18. Qf5 Nf8 19. Qxf6+ Qxf6 20. Rxf6 Kg7
21. Raf1 Re7 22. d6 cxd6 23. Nd5 Nh7 24. Bxh7 Kxh7 25. Nxe7 Be6 26. Nf5 Bxf5 27. R1xf5 Rf8 28. Rxf7+ Rxf7 29. Rxf7+ Kg6 30. Rxb7 Kf5
31. Rb6
1-0

[Event "King's Gambit Thematic"]
[Site "SchemingMind.com"]
[Date "2006.04.14"]
[Round "-"]
[White "wom_bat"]
[Black "MatdeInverses"]
[Result "1-0"]
[WhiteCountry "GER"]
[BlackCountry "USA"]
[WhiteElo "1785"]
[WhiteRD "90"]
[BlackElo "1956"]
[BlackRD "47"]
[GameID "46510"]

1. e4 e5 2. f4 d5 3. exd5 c6 4. Nc3 exf4 5. Nf3 Bd6 6. d4 Ne7 7. dxc6 Nbxc6 8. Bc4 O-O 9. O-O Bg4 10. Nb5 Bb8
11. c3 Ng6 12. Qc2 a6 13. Na3 Re8 14. Qb3 Na5 15. Bxf7+ Kf8 16. Qd5 Qxd5 17. Bxd5 Bd6 18. Ng5 Bxa3 19. Bxf4 Nxf4 20. Rxf4+ Ke7
21. bxa3 Bh5 22. Bf7
1-0

[Event "King's Gambit Thematic"]
[Site "SchemingMind.com"]
[Date "2006.04.14"]
[Round "-"]
[White "wom_bat"]
[Black "mart_r3000"]
[Result "1-0"]
[WhiteCountry "GER"]
[BlackCountry "ENG"]
[WhiteElo "1785"]
[WhiteRD "90"]
[BlackElo "1260"]
[BlackRD "61"]
[GameID "46511"]

1. e4 e5 2. f4 d6 3. Nf3 Nc6 4. Nc3 Bg4 5. Bb5 Qf6 6. f5 O-O-O 7. Bxc6 bxc6 8. d3 d5 9. Bg5 Qd6 10. Bxd8 Qxd8
11. h3 Bxf3 12. Qxf3 d4 13. Ne2 Bb4+ 14. c3 dxc3 15. bxc3 Qh4+ 16. g3 Qe7 17. cxb4 Qxb4+ 18. Kf2 Nf6 19. Rhc1 Qb2 20. Qe3 Qb7
21. Rab1 Qa6 22. Rc3 Rd8 23. Rbb3 Rd6 24. Ra3 Qb5 25. Rcb3 Rxd3 26. Rxd3 c5 27. Rxa7 Kb8 28. Rb3 Qxb3 29. axb3 Kxa7 30. Qxc5+ Kb8
31. Qxe5 Kc8 32. Qe7 h5 33. Nc3 Nd7 34. Qe8+
1-0

[Event "King's Gambit Thematic"]
[Site "SchemingMind.com"]
[Date "2006.04.16"]
[Round "-"]
[White "Dr_Pat"]
[Black "wom_bat"]
[Result "0-1"]
[WhiteCountry "USA"]
[BlackCountry "GER"]
[WhiteElo "1409"]
[WhiteRD "54"]
[BlackElo "1785"]
[BlackRD "90"]
[GameID "46512"]

1. e4 e5 2. f4 exf4 3. Nf3 Be7 4. h4 Nf6 5. Nc3 O-O 6. d4 Nc6 7. Bxf4 d5 8. exd5 Nxd5 9. Nxd5 Qxd5 10. Bxc7 Re8
11. Be2 Bf6 12. c3 Qe4 13. h5 Bf5 14. Bh2 Re7 15. Kf2 Qe3+ 16. Kf1 Rae8 17. Ng1 Bh4 18. Bd6 Qf2#
0-1

[Event "King's Gambit Thematic"]
[Site "SchemingMind.com"]
[Date "2006.04.16"]
[Round "-"]
[White "MatdeInverses"]
[Black "wom_bat"]
[Result "1-0"]
[WhiteCountry "USA"]
[BlackCountry "GER"]
[WhiteElo "1978"]
[WhiteRD "46"]
[BlackElo "1773"]
[BlackRD "93"]
[GameID "46513"]

1. e4 e5 2. f4 d5 3. exd5 g5 4. fxe5 Qxd5 5. d4 Nc6 6. Be3 Be6 7. Nc3 Bb4 8. Qd2 Qa5 9. Bxg5 f6 10. exf6 O-O-O
11. Nge2 h6 12. Qe3 Bxc3+ 13. bxc3 Bf7 14. Bh4 Nxd4 15. Qe4 Nxe2 16. Bxe2 Qxc3+ 17. Kf2 Re8 18. Qf4 Qxc2 19. Qg4+ Kb8 20. Rhc1 Qb2
21. Rab1 Qd2 22. Kf1 Bd5 23. f7 Rf8 24. Rd1 Rxf7+ 25. Bf2 Qc2 26. Qd4 Rxf2+ 27. Kxf2 Qf5+ 28. Kg1 Nf6 29. Bc4 Bxc4 30. Qxc4 Ng4
31. Qd4 Rg8 32. Rb3 b6 33. Rg3
1-0

[Event "King's Gambit Thematic"]
[Site "SchemingMind.com"]
[Date "2006.04.16"]
[Round "-"]
[White "markjburden"]
[Black "wom_bat"]
[Result "0-1"]
[WhiteCountry "GBR"]
[BlackCountry "GER"]
[WhiteElo "1683"]
[WhiteRD "69"]
[BlackElo "1785"]
[BlackRD "90"]
[GameID "46522"]

1. e4 e5 2. f4 exf4 3. Nf3 d5 4. e5 Nc6 5. d4 Bg4 6. Be2 Bxf3 7. Bxf3 Qh4+ 8. Kf1 O-O-O 9. Nc3 f6 10. Bg4+ Kb8
11. Qf3 Nxd4 12. Qd1 fxe5 13. h3 h5 14. Bf3 Nh6 15. Nxd5 Nhf5 16. Kg1 Bc5
0-1

[Event "King's Gambit Thematic"]
[Site "SchemingMind.com"]
[Date "2006.04.14"]
[Round "-"]
[White "markjburden"]
[Black "Dr_Pat"]
[Result "1-0"]
[WhiteCountry "GBR"]
[BlackCountry "USA"]
[WhiteElo "1656"]
[WhiteRD "73"]
[BlackElo "1363"]
[BlackRD "57"]
[GameID "46523"]

1. e4 e5 2. f4 Nf6 3. Nf3 exf4 4. e5 Nd5 5. c4 Ne7 6. d4 Ng6 7. Bd3 d6 8. Bxg6 hxg6 9. Bxf4 dxe5 10. Bxe5 Nc6
11. O-O Bg4 12. Re1 Ne7 13. Nc3 Nc6 14. Bxc7+
1-0

[Event "King's Gambit Thematic"]
[Site "SchemingMind.com"]
[Date "2006.04.14"]
[Round "-"]
[White "markjburden"]
[Black "MatdeInverses"]
[Result "1/2-1/2"]
[WhiteCountry "GBR"]
[BlackCountry "USA"]
[WhiteElo "1683"]
[WhiteRD "69"]
[BlackElo "1956"]
[BlackRD "47"]
[GameID "46524"]

1. e4 e5 2. f4 d5 3. exd5 c6 4. Qe2 cxd5 5. fxe5 Nc6 6. Nf3 Bg4 7. Qf2 Bxf3 8. Qxf3 Qh4+ 9. Kd1 Nge7 10. Bb5 a6
11. Bxc6+ Nxc6 12. h3 Nxe5 13. Qe3 Bd6 14. d4 f6 15. dxe5 fxe5 16. Qd3 O-O-O 17. Bd2 d4 18. Ba5 Rd7 19. Nd2 Qf2 20. Nc4 Bc7
21. Bxc7 Qxg2 22. Re1 Rxc7 23. Qf5+ Kb8 24. Nxe5 Rhc8 25. Rc1 Qd5 26. Qxh7 Qxa2 27. Nd3 Qf7 28. Kd2 Qd5 29. Qg6 Qa5+ 30. Kd1 Qa4
31. Qg3 Ka8 32. Qf2 Qd7 33. h4 Qg4+ 34. Kd2 g5 35. Rh1 gxh4 36. Rxh4 Qg5+ 37. Kd1 Rc4 38. b3 Rc3 39. Rxd4 Qh5+ 40. Kd2 Qa5
41. Kd1 Qh5+ 42. Kd2 Qa5 43. Kd1=
1/2-1/2

[Event "King's Gambit Thematic"]
[Site "SchemingMind.com"]
[Date "2006.04.14"]
[Round "-"]
[White "markjburden"]
[Black "mart_r3000"]
[Result "1-0"]
[WhiteCountry "GBR"]
[BlackCountry "ENG"]
[WhiteElo "1656"]
[WhiteRD "73"]
[BlackElo "1213"]
[BlackRD "72"]
[GameID "46525"]

1. e4 e5 2. f4 Qe7 3. Nf3 Qb4 4. Nc3 exf4 5. d3 Nf6 6. h3 Nh5 7. a3 Qa5 8. Bd2 Qg5 9. Nxg5 Ng3 10. Rg1 Bc5
11. Nb5 O-O 12. d4 Bb6 13. Bxf4 Nxe4 14. Nxe4 Re8 15. Qe2 d5 16. Nf6+ gxf6 17. Qxe8+ Kg7 18. Bxc7 Bd7 19. Qe7 Bf5 20. c3 Nc6
21. Qe3 a6 22. Bxb6 Bd7 23. Qg3+ Kh8 24. Nc7 Rg8 25. Qh4 Rg6 26. Bd3 f5 27. O-O-O Ne7 28. Qxe7 Be6 29. g4
1-0

[Event "King's Gambit Thematic"]
[Site "SchemingMind.com"]
[Date "2006.04.14"]
[Round "-"]
[White "wom_bat"]
[Black "markjburden"]
[Result "1-0"]
[WhiteCountry "GER"]
[BlackCountry "GBR"]
[WhiteElo "1785"]
[WhiteRD "90"]
[BlackElo "1683"]
[BlackRD "69"]
[GameID "46526"]

1. e4 e5 2. f4 Nc6 3. Nf3 exf4 4. Bc4 d6 5. d4 h6 6. Bxf4 g5 7. Be3 Bg7 8. O-O Bg4 9. Bxf7+ Ke7 10. Qd3 Kxf7
11. Ne5+ Ke8 12. Nxg4 h5 13. e5 Nce7 14. Nf6+ Bxf6 15. exf6 Nxf6 16. Rxf6 g4 17. Bg5 Rf8 18. Rxf8+ Kxf8 19. Nc3 Qd7 20. Qh7 Qe6
21. Nd5 Nxd5 22. Qh8+
1-0

[Event "King's Gambit Thematic"]
[Site "SchemingMind.com"]
[Date "2006.04.14"]
[Round "-"]
[White "Dr_Pat"]
[Black "markjburden"]
[Result "0-1"]
[WhiteCountry "USA"]
[BlackCountry "GBR"]
[WhiteElo "1409"]
[WhiteRD "54"]
[BlackElo "1683"]
[BlackRD "69"]
[GameID "46527"]

1. e4 e5 2. f4 d5 3. Nf3 exf4 4. exd5 Bd6 5. h3 Ne7 6. Nc3 Bf5 7. d4 Nd7 8. Bd3 h6 9. O-O g5 10. Bxf5 Nxf5
11. Qd3 Qf6 12. Re1+ Be7 13. Ne5 Nxe5 14. dxe5 Qb6+ 15. Kh1 Nd4 16. Na4 Qb4 17. Nc3 O-O-O 18. Re4 c5 19. d6 Bf8 20. Nd5 Qb5
21. Ne7+ Bxe7 22. dxe7 Rde8 23. Qxb5 Nxb5 24. a4 Nd4 25. c3 Ne6 26. b4 b6 27. bxc5 bxc5 28. Ba3 Rxe7 29. Rc4 Rc7 30. Rb1 Rd8
31. Kh2 Rd5 32. Re4 Rd3 33. Rc1 a5 34. Rc2 Rb7 35. Rb2 Rxc3 36. Rxb7 Kxb7 37. Bb2 Rb3 38. Bc1 Rb4 39. Rxb4+ cxb4 40. Kg1 Kc6
41. Kf2 Kd5 42. Bb2 h5 43. Kf3 Nc5 44. g3 fxg3 45. Kxg3 Nxa4 46. Bc1 g4 47. hxg4 hxg4 48. Kxg4 Kxe5 49. Bf4+ Kd5
0-1

[Event "King's Gambit Thematic"]
[Site "SchemingMind.com"]
[Date "2006.04.14"]
[Round "-"]
[White "MatdeInverses"]
[Black "markjburden"]
[Result "0-1"]
[WhiteCountry "USA"]
[BlackCountry "GBR"]
[WhiteElo "1956"]
[WhiteRD "47"]
[BlackElo "1683"]
[BlackRD "69"]
[GameID "46528"]

1. e4 e5 2. f4 exf4 3. Bc4 Qh4+ 4. Kf1 d6 5. Nc3 Nf6 6. d4 Ng4 7. Qf3 Nxh2+ 8. Rxh2 Qxh2 9. Bxf4 Qh4 10. Bxf7+ Kd8
11. Nd5 Nc6 12. c3 Be7 13. e5 Rf8 14. Nxe7 Qxe7 15. Bb3 h6 16. exd6 cxd6 17. Re1 Qf6
0-1

[Event "King's Gambit Thematic"]
[Site "SchemingMind.com"]
[Date "2006.04.14"]
[Round "-"]
[White "mart_r3000"]
[Black "markjburden"]
[Result "0-1"]
[WhiteCountry "ENG"]
[BlackCountry "GBR"]
[WhiteElo "1213"]
[WhiteRD "72"]
[BlackElo "1656"]
[BlackRD "73"]
[GameID "46529"]

1. e4 e5 2. f4 exf4 3. Qh5 Nf6 4. Qe5+ Be7 5. b3 Nc6 6. Qxf4 d6 7. e5 dxe5 8. Qa4 Bd7 9. Nc3 Nd4 10. Qc4 Nxc2+
11. Kd1 b5 12. Nxb5 Ne3+ 13. dxe3 Bxb5+ 14. Bd2 Bxc4 15. Bxc4 Bb4 16. Nf3 e4 17. Nd4 Bxd2 18. Kxd2 c5 19. Kc3 cxd4+ 20. exd4 Rc8
21. Rad1 Nd5+ 22. Kb2 O-O 23. Be2 Nb4 24. a3 Nd3+ 25. Ka2 Rc2+ 26. Kb1 Rxe2
0-1

[Event "King's Gambit Thematic"]
[Site "SchemingMind.com"]
[Date "2006.04.16"]
[Round "-"]
[White "cnbcad"]
[Black "wom_bat"]
[Result "0-1"]
[WhiteCountry "USA"]
[BlackCountry "GER"]
[WhiteElo "1360"]
[WhiteRD "62"]
[BlackElo "1785"]
[BlackRD "90"]
[GameID "46637"]

1. e4 e5 2. f4 Nc6 3. f5 Qh4+ 4. g3 Qxe4+ 5. Qe2 Qxh1 6. Nf3 d6 7. d3 Bxf5 8. Be3 Nb4 9. Nc3 Bg4 10. Qf2 Qxf3
0-1

[Event "King's Gambit Thematic"]
[Site "SchemingMind.com"]
[Date "2006.04.15"]
[Round "-"]
[White "cnbcad"]
[Black "markjburden"]
[Result "0-1"]
[WhiteCountry "USA"]
[BlackCountry "GBR"]
[WhiteElo "1373"]
[WhiteRD "55"]
[BlackElo "1656"]
[BlackRD "73"]
[GameID "46638"]

1. e4 e5 2. f4 exf4 3. Bc4 Qh4+ 4. Kf1 Bc5 5. d4 Bb6 6. Nf3 Qf6 7. e5 Qh6 8. Kf2 Nc6 9. Re1 g5 10. Kg1 Nge7
11. Bb5 Nf5 12. c4 Ncxd4 13. Nbd2 Nxf3+ 14. Kf1 Qxh2 15. Qxf3 Ng3+ 16. Qxg3 fxg3 17. c5 Bxc5
0-1

[Event "King's Gambit Thematic"]
[Site "SchemingMind.com"]
[Date "2006.04.16"]
[Round "-"]
[White "cnbcad"]
[Black "Dr_Pat"]
[Result "0-1"]
[WhiteCountry "USA"]
[BlackCountry "USA"]
[WhiteElo "1373"]
[WhiteRD "55"]
[BlackElo "1363"]
[BlackRD "57"]
[GameID "46639"]

1. e4 e5 2. f4 exf4 3. Bc4 Ne7 4. d4 d5 5. exd5 Nxd5 6. Qf3 Nf6 7. Bxf4 Bd6 8. Bxf7+ Kxf7 9. Bg5 Re8+ 10. Ne2 Bg4
11. Qb3+ Kf8 12. Nc3 Nc6 13. Bxf6 gxf6 14. h3 Nxd4 15. Qc4 Nxc2+ 16. Kf2 Bg3+ 17. Kxg3 Bxe2 18. Rac1 Bxc4 19. Rxc2 Qd3+
0-1

[Event "King's Gambit Thematic"]
[Site "SchemingMind.com"]
[Date "2006.04.15"]
[Round "-"]
[White "cnbcad"]
[Black "mart_r3000"]
[Result "1-0"]
[WhiteCountry "USA"]
[BlackCountry "ENG"]
[WhiteElo "1373"]
[WhiteRD "55"]
[BlackElo "1213"]
[BlackRD "72"]
[GameID "46641"]

1. e4 e5 2. f4 Nc6 3. Nf3 f6 4. f5 d5 5. d3 dxe4 6. Nh4 Qd4 7. Qh5+ g6 8. fxg6 Be6 9. g7+ Bf7 10. Qxf7+ Kxf7
11. gxh8=Q Bc5 12. Qxh7+ Kf8 13. Bh6+ Nxh6 14. Qxh6+ Ke7 15. Nf5+ Ke6 16. Nxd4+ Nxd4 17. Kd2 Nf5 18. Qh7 e3+ 19. Ke2 Rd8 20. g4 Nd4+
21. Kd1 Nf3 22. Qf5+ Kd5 23. Qxf3+ e4 24. Qxe4+ Kd6 25. h4 c6 26. h5 Kc7 27. h6 b5 28. h7 Kb6 29. h8=Q
1-0

[Event "King's Gambit Thematic"]
[Site "SchemingMind.com"]
[Date "2006.04.15"]
[Round "-"]
[White "markjburden"]
[Black "cnbcad"]
[Result "1-0"]
[WhiteCountry "GBR"]
[BlackCountry "USA"]
[WhiteElo "1683"]
[WhiteRD "69"]
[BlackElo "1360"]
[BlackRD "62"]
[GameID "46643"]

1. e4 e5 2. f4 exf4 3. Nf3 d5 4. e5 c5 5. d3 Nc6 6. Bxf4 g6 7. Nbd2 Bg7 8. Be2 Nge7 9. c4 d4 10. Ne4 O-O
11. Nxc5 b6 12. Ne4 Nf5 13. O-O Ne3 14. Bxe3 dxe3 15. d4 Bg4 16. d5 Bxf3 17. Rxf3 Na5 18. Rxe3 Bxe5 19. Rb1 Qc7 20. h3 Bh2+
21. Kh1 Qf4 22. Qd4 Rae8 23. Rf1 Qc7 24. Nf6+
1-0

[Event "King's Gambit Thematic"]
[Site "SchemingMind.com"]
[Date "2006.04.15"]
[Round "-"]
[White "Dr_Pat"]
[Black "cnbcad"]
[Result "0-1"]
[WhiteCountry "USA"]
[BlackCountry "USA"]
[WhiteElo "1363"]
[WhiteRD "57"]
[BlackElo "1373"]
[BlackRD "55"]
[GameID "46644"]

1. e4 e5 2. f4 exf4 3. Nf3 d6 4. h3 c5 5. Bc4 Be6 6. Bxe6 fxe6 7. O-O Nf6 8. Nc3 e5 9. d3 Nc6 10. a3 Be7
11. Rb1 O-O 12. Nd5 Nxd5 13. exd5 Nd4 14. Nxd4 cxd4 15. c4 Bh4 16. b4 Qg5 17. Qg4 Qe7 18. g3 fxg3 19. Rxf8+ Rxf8 20. Bh6 Qf6
21. Bd2 Qf2+ 22. Kh1 Qh2#
0-1

[Event "King's Gambit Thematic"]
[Site "SchemingMind.com"]
[Date "2006.04.15"]
[Round "-"]
[White "MatdeInverses"]
[Black "cnbcad"]
[Result "1-0"]
[WhiteCountry "USA"]
[BlackCountry "USA"]
[WhiteElo "1898"]
[WhiteRD "52"]
[BlackElo "1373"]
[BlackRD "55"]
[GameID "46645"]

1. e4 e5 2. f4 exf4 3. Bc4 Qh4+ 4. Kf1 Bc5 5. d4 d5 6. Bxd5 Bg4 7. Qd3 Bb6 8. Bxf4 c6 9. Bb3 Nf6 10. Nd2 Bh5
11. c3 Qxf4+ 12. Ngf3 O-O 13. Re1 Ng4 14. Bc2 Nxh2+ 15. Rxh2 Bxf3 16. Nxf3 Nd7 17. e5 Rad8 18. Qxh7#
1-0

[Event "King's Gambit Thematic"]
[Site "SchemingMind.com"]
[Date "2006.04.15"]
[Round "-"]
[White "mart_r3000"]
[Black "cnbcad"]
[Result "0-1"]
[WhiteCountry "ENG"]
[BlackCountry "USA"]
[WhiteElo "1213"]
[WhiteRD "72"]
[BlackElo "1373"]
[BlackRD "55"]
[GameID "46646"]

1. e4 e5 2. f4 exf4 3. Ne2 Qh4+ 4. g3 fxg3 5. Bg2 gxh2+ 6. Kf1 d5 7. d3 Bc5 8. Qe1 Qh5 9. Qg3 Bd6 10. Nf4 Bxf4
11. Bxf4 Qd1+ 12. Qe1 Qxc2 13. exd5+ Ne7 14. Bg5 Qxd3+ 15. Qe2 Qf5+ 16. Qf2 Qxg5 17. Rxh2 O-O 18. Nd2 Nxd5 19. Nf3 Qf4 20. Rd1 Ne3+
21. Ke1 Nxd1 22. Kxd1 Rd8+ 23. Ke1 Bg4 24. Qh4 Re8+ 25. Kf2 h6 26. Kg1 Qc1+ 27. Kf2 Bxf3 28. Bxf3 Nc6 29. Rg2 Qe1#
0-1